Nba MVPs by year - Statistics

General Stats
  • This quiz has been taken 47 times
  • The average score is 58 of 70
Answer Stats
Year MVP % Correct
2024 Nikola Jokić
100%
2025 Shai Gilgeous-Alexander
100%
2011 Derrick Rose
95%
2007 Dirk Nowitzki
95%
2020 Giannis Antetokounmpo
95%
2018 James Harden
95%
2014 Kevin Durant
95%
2004 Kevin Garnett
95%
2013 Lebron James
95%
2012 Lebron James
95%
1988 Michael Jordan
95%
2022 Nikola Jokić
95%
2021 Nikola Jokić
95%
2000 Shaquille O'Neal
95%
2016 Stephen Curry
95%
2015 Stephen Curry
95%
2019 Giannis Antetokounmpo
90%
2023 Joel Embiid
90%
1977 Kareem Abdul-Jabbar
90%
1976 Kareem Abdul-Jabbar
90%
2008 Kobe Bryant
90%
2010 Lebron James
90%
2009 Lebron James
90%
1992 Michael Jordan
90%
1991 Michael Jordan
90%
2017 Russell Westbrook
90%
2006 Steve Nash
90%
2005 Steve Nash
90%
2003 Tim Duncan
90%
2002 Tim Duncan
90%
2001 Allen Iverson
86%
1995 David Robinson
86%
1994 Hakeem Olajuwon
86%
1999 Karl Malone
86%
1997 Karl Malone
86%
1986 Larry Bird
86%
1985 Larry Bird
86%
1984 Larry Bird
86%
1990 Magic Johnson
86%
1989 Magic Johnson
86%
1987 Magic Johnson
86%
1998 Michael Jordan
86%
1996 Michael Jordan
86%
1978 Bill Walton
81%
1993 Charles Barkley
81%
1980 Kareem Abdul-Jabbar
81%
1974 Kareem Abdul-Jabbar
81%
1975 Bob McAdoo
76%
1981 Julius Erving
76%
1972 Kareem Abdul-Jabbar
76%
1971 Kareem Abdul-Jabbar
76%
1983 Moses Malone
76%
1963 Bill Russell
71%
1962 Bill Russell
71%
1961 Bill Russell
71%
1956 Bob Pettit
71%
1982 Moses Malone
71%
1979 Moses Malone
71%
1965 Bill Russell
67%
1973 Dave Cowens
67%
1964 Oscar Robertson
67%
1968 Wilt Chamberlain
67%
1967 Wilt Chamberlain
67%
1966 Wilt Chamberlain
67%
1958 Bill Russell
62%
1957 Bob Cousy
62%
1959 Bob Pettit
62%
1960 Wilt Chamberlain
62%
1969 Wes Unseld
57%
1970 Willis Reed
57%
No matching quizzes found
Score Distribution
Percent of People with Each Score
Percentile by Number Answered
Your Score History
You have not taken this quiz